000 00696cab a2200205 4500
001 L136517
008 070205n2007 000 0 eng u
035 _a(Sirsi) u136517
041 0 _aeng
100 1 _aClark, Louise
245 0 0 _aParent guarantees - the end of the line?
260 _c2007
490 0 0 _aEstates Gazette
_v(0704) 27 January 2007, 181(1)
520 _aLooks at the law on company voluntary agreements (CVAs) and weighs up the situation in light of the PRG Powerhouse Ltd test case which is due to be heard in March 2007.
590 _aKA
650 2 4 _aCOMPANY VOLUNTARY ARRANGEMENTS
651 4 _aMANAGEMENT-BUSINESS MANAGEMENT
700 1 _aBhaloo, Zia
942 _n0
999 _c78326
_d78326